The handbook on private foundations /

Bibliographic Details
Main Author: Freeman, David F.
Corporate Author: Council on Foundations
Format: Book
Language:English
Published: Cabin John, Md. : Published for the Council on Foundations by Seven Locks Press, [1981]
Subjects:

MARC

Tag First Indicator Second Indicator Subfields
LEADER 00000pam a2200000 a 4500
001 in00000098153
005 20150924085631.0
008 810413s1981 mdua b 00110 eng
010 |a  81005331  
020 |a 0932020062 :  |c $21.95 
020 |a 0932020070 (pbk.) :  |c $13.95 
035 |a (OCoLC)07462592 
035 |9 AAK9519AM 
039 0 |a 2  |b 3  |c 3  |d 3  |e 3 
040 |a DLC  |c DLC  |d TXA  |d UtOrBLW 
043 |a n-us--- 
049 |a TXAM  |c [985855] 
050 0 0 |a HV97 A3  |b  F73 
082 0 |a 361.7/63  |2 19 
100 1 |a Freeman, David F. 
245 1 4 |a The handbook on private foundations /  |c David F. Freeman. 
264 1 |a Cabin John, Md. :  |b Published for the Council on Foundations by Seven Locks Press,  |c [1981] 
264 4 |c ©1981 
300 |a xvi, 436 pages :  |b illustrations ;  |c 26 cm. 
336 |a text  |b txt  |2 rdacontent 
337 |a unmediated  |b n  |2 rdamedia 
338 |a volume  |b nc  |2 rdacarrier 
500 |a Includes index. 
504 |a Bibliography: pages 89-128. 
650 0 |a Endowments  |z United States  |x Management. 
650 0 |a Charitable uses, trusts, and foundations  |z United States. 
710 2 |a Council on Foundations. 
999 |a MARS 
999 f f |s c723464d-f937-3be5-912f-e94dc9a3afdc  |i 3257a071-f2ee-3edf-ae0e-c3c4573a78c3  |t 0 
952 f f |p ric  |a Texas A&M University  |b Rellis Campus  |c Joint Library Facility  |d Remote Storage  |t 0  |e HV97 A3 F73  |h Library of Congress classification  |i unmediated -- volume  |m A14806024554 
998 f f |a HV97 A3 F73  |t 0  |l Remote Storage